000 00481nmm a2200169Ia 4500
008 251105s9999||||xx |||||||||||||||||und||
020 _a9788484289890
041 _aspa
100 _aSánchez, Sergio
245 0 _aUna de piratas :
_b Nintendos al abordaje
264 _a[Madrid, España] :
_bAlba Editorial,
_c2014
300 _a82 páginas
490 _aAlba Joven
650 _aAges 9-12 Years Old
856 _uhttps://public.digitaliapublishing.com/a/40532
942 _cCF
999 _c86440
_d86440